Multiple Choice City Quiz - Belo Horizonte - Statistics

General Stats
  • This quiz has been taken 38 times
    14 since last reset
  • The average score is 8 of 10
Answer Stats
Question Answer % Correct
In what year was Belo Horizonte inaugurated, after having been planned to be the new capital of its state? 1897
89%
What is Serra do Curral, one of the city's symbols? A mountain range
89%
What is the translation for "pão de queijo", a typical food from Belo Horizonte and its state? Cheese bread
89%
What is the name of the botanical garden and one of the largest open-air art museums in the world located near Belo Horizonte? Inhotim Institute
89%
Belo Horizonte is the capital of which Brazilian state? Minas Gerais
89%
In which stadium did the Brazilian national soccer team lose 7-1 to Germany in the 2014 World Cup? Mineirão
89%
Which of these nicknames is Belo Horizonte known by? National Capital of Bars
89%
What is extracted on a large scale in the Belo Horizonte region? Iron Ore
67%
In the list of biggest Brazilian metropolitan areas, which position does Belo Horizonte occupy? Third
67%
What is the style of the Pampulha architetural ensemble, declared a World Heritage Site by UNESCO? Modern
44%
No matching quizzes found
Score Distribution
Percent of People with Each Score
Percentile by Number Answered
Your Score History
You have not taken this quiz since the last reset